000 00909nam a22002057a 4500
003 0
005 20160609165432.0
008 100224t xxu||||| |||| 00| 0 eng d
037 _aM15570
_bBIBLIO
040 _aUAC
_bF
_cEPAC
082 _a26.ABM/ADJ
100 _aValère, H. ADJIHANOU & Francine Danielle QUENUM
_93836
245 _aIdentification du coefficient de proportionnalité entre le taux d'hémoglobine et la mesure de l'hématocrite dans les phathologies les plus dominantes en République du Bénin chez les personnes âgées de 0 à 18 ans : cas des département du Zou et des Collines( à propos de 1282 cas)
260 _aEPAC
_bBIBLIO
_c2006-2007
300 _aI -115p
_c29cm
500 _aMem Ecole Polytechnique d'Abomey Calavi 2007
650 _aPROPORTIONNALITE - HEMOGLOBINE - HEMATOCRITE
_93837
700 _aJoseph, FLENON; Adolphe, TOPANOU; Lordson, DOSSEVI
_93838
942 _cTHE
999 _c47006
_d47006